Study of culture condition for solid state fermentation of sewage treatment plant sludge to compost /
Saved in:
| 主要作者: | |
|---|---|
| 格式: | Thesis |
| 語言: | English |
| 出版: |
Serdang, Selangor :
School of Graduate Studies, Universiti Putra Malaysia,
2002
|
| 主題: | |
| 標簽: |
添加標簽
沒有標簽, 成為第一個標記此記錄!
|
| LEADER | 016040000a22003370004500 | ||
|---|---|---|---|
| 008 | 110720s2002 my a g m 000 0 eng d | ||
| 040 | |a UIAM |b eng |e rda | ||
| 041 | |a eng may | ||
| 050 | 4 | |a TD769 | |
| 100 | 1 | |a Kabbashi, Nassereldeen Ahmed, |e author | |
| 245 | 1 | 0 | |a Study of culture condition for solid state fermentation of sewage treatment plant sludge to compost / |c by Nassereldeen Ahmed Kabbashi |
| 264 | 1 | |a Serdang, Selangor : |b School of Graduate Studies, Universiti Putra Malaysia, |c 2002 | |
| 300 | |a xxvi, 244 leaves : |b illustrations ; |c 30 cm. | ||
| 336 | |2 rdacontent |a text | ||
| 337 | |2 rdamedia |a unmediated | ||
| 338 | |2 rdacarrier |a volume | ||
| 500 | |a Abstracts in English and Malay. | ||
| 500 | |a "A thesis submitted to the School of Graduate Studies, Universiti Putra Malaysia, in fulfilment of the requirements for the degree of Doctor of Philosophy."--On title page. | ||
| 502 | |a Thesis (Ph. D.)--Universiti Putra Malaysia, 2002. | ||
| 504 | |a Includes bibliographical references (leaves 219-234). | ||
| 596 | |a 1 | ||
| 650 | 0 | |a Sewage sludge digestion | |
| 650 | 0 | |a Sewage disposal plants |x Management | |
| 650 | 0 | |a Sewage sludge | |
| 650 | 0 | |a Sewage disposal | |
| 655 | 0 | 7 | |a Theses, IIUM foreign |
| 690 | |a Dissertations, Academic |x Jabatan Kejuruteraan dan Alam Sekitar |z Universiti Putra Malaysia | ||
| 710 | 2 | |a Universiti Putra Malaysia. |b Jabatan Kejuruteraan dan Alam Sekitar | |
| 900 | |a hj-ia-mrm | ||
| 999 | |c 432726 |d 463424 | ||
| 952 | |0 0 |6 T TD 000769 K11S 2002 |7 0 |8 THESES |9 752079 |a IIUM |b IIUM |c MULTIMEDIA |g 0.00 |o t TD 769 K11S 2002 |p 00011195953 |r 2017-10-20 |t 1 |v 0.00 |y THESIS | ||
